| 000 | 00593nam a22001577a 4500 | ||
|---|---|---|---|
| 040 | _cNUST | ||
| 082 | _a200 | ||
| 100 |
_aRehan Jamshaid Nemati _988638 |
||
| 110 |
_aThesis Supervisor: Dr. Farhan Riaz _988639 |
||
| 245 |
_aBone Texture Characterization Using A Novel Texture Analysis Technique For Better Detection Of Osteoporotic Cases/ _cRehan Jamshaid Nemati |
||
| 260 |
_aRAWALPINDI: _bNUST COLLEGE OF EME, _c2021. |
||
| 300 |
_a145,p; _bill; _c30,cm. |
||
| 650 |
_aPhD COMPUTER ENGINEERING _990709 |
||
| 856 | _u http://10.250.8.41:8080/xmlui/handle/123456789/34761 | ||
| 942 |
_2ddc _cSC |
||
| 999 |
_c587712 _d587712 |
||